000 00839nam a2200229Ia 4500
003 OSt
005 20250714150931.0
008 210210b2006 xxu||||| |||| 00| 0 eng d
040 _cAL
041 _aKannada
082 _aK894.8 KANS
100 _aKANNADA VISHVAVIDYALAYA
_9151370
_dಕನ್ನಡ ವಿಶ್ವವಿದ್ಯಾಲಯ.
245 _aSamagra Kannada Jainasahitya samputa 7: Nagachandra samputa
_bಸಮಗ್ರ ಕನ್ನಡ ಜೈನಸಾಹಿತ್ಯ ಸಂಪುಟ ೭: ನಾಗಚಂದ್ರ ಸಂಪುಟ
260 _aHampi
_bPrasaranga Karnataka Vishvavidyalaya
_c2006
300 _alxxvii,827
440 _a7
_9151371
650 _a Mallinathapuranam
_9151372
650 _aRamachandra charita puranam
_9151373
690 _aKannada Collections
_9151374
906 _a062638
942 _2ddc
_cBK
999 _c117887
_d117887